000 00486 a2200181 4500
003 OSt
005 20260306134650.0
008 260306b |||||||| |||| 00| 0 eng d
020 _a9789370980945
040 _coclc
082 _a894.8123
_bMEE/K
100 _aMeera, K R
_96807
245 _aKALACHI /
_cK R MEERA
250 _a1st ed.
260 _aKottayam:
_bD C Books.
_c2025,
300 _a416 PAGES
942 _2ddc
_cBK
_h894.8123
_iMEE/K
_k894.8123
_mMEE/K
999 _c44639
_d44639